| 000 | 00377nam a22001577a 4500 | ||
|---|---|---|---|
| 003 | MACL | ||
| 005 | 20151129135217.0 | ||
| 008 | 151129b xxu||||| |||| 00| 0 eng d | ||
| 040 | _cMACL | ||
| 041 | _aEnglish | ||
| 082 | _a300/KUK | ||
| 100 |
_aKukreja,Sunil _918709 |
||
| 245 | _aCross Cultural Studies On The Family | ||
| 650 |
_aSocial Science _918710 |
||
| 942 |
_2ddc _cBK |
||
| 999 |
_c51373 _d51373 |
||